Réponse cachée - Le Québec et le québécois - Statistiques

Statistiques générales
  • Ce quiz a été pris 944 fois
  • Le résultat moyen est 8 sur 12
Statistiques - réponses
Indice Réponse % Correct
Chanteuse très populaire, ayant chanté "S'il suffisait d'aimer" en 1998 (Nom de famille) Dion (Céline)
97%
Plat québécois qui se compose de frites, de fromage et de sauce brune la Poutine
96%
Sport très populaire au Québec comme dans tout le Canada le Hockey sur glace
96%
Au nombre de 4 sur le drapeau québécois. La fleur de ... Lys
96%
Ville la plus importante de la province Montréal
89%
Le mot "voiture" en québécois Char
86%
Film de Quentin Tarentino dont le titre québécois est "Le Commando des Bâtards" Inglorious Basterds
57%
Chaîne de montagnes nord-américaine s'étendant notamment sur le territoire québécois les Appalaches
44%
Québec était la capitale de cette ancienne colonie de 1534 à 1763 la Nouvelle-France
42%
Plus d'un million de québécois sont des descendants de ce peuple francophone, ayant connu une déportation au 18ème siècle les Acadiens
40%
La réponse cachée est : _ _ / _ _ _ _ _ _ _ _ _ {De} {Champlain}
38%
Région dont Sherbrooke est la ville la plus peuplée l'Estrie
30%
Aucun quiz correspondant
Distribution des résultats
% des personnes avec chaque résultat
Percentile par nombre de réponses
Votre historique - résultats
Vous n’avez pas pris ce quiz